000 00443nam a2200145 a 4500
005 20251018132421.0
008 251018s2025##################000#0#eng##
020 _a9788121104098
082 0 4 _a583.7709
_bBON
100 _aBonavia, E.
245 1 0 _aThe Cultivated Oranges And Lemons Of India And Ceylon (Set Of 2 Vols.)
_cE.Bonavia
260 _aDehradun
_bM/s Bishen Singh Mahendra Pal Singh
_c2006
650 _aBotany
942 _cENGLISH
999 _c592351
_d592351